[Event "St John's University"]
[Site "New York USA"]
[Date "2001.06.26"]
[Round "8"]
[White "Kurniawan,B"]
[Black "Belorusov,M"]
[Result "1-0"]
[WhiteElo "2375"]
[BlackElo "2298"]

1.e4 c5 2.Nf3 Nc6 3.Bb5 d6 4.O-O Bd7 5.c3 g6 6.d4 cxd4 7.cxd4 Bg7 8.Nc3 a6
9.Bxc6 Bxc6 10.d5 Bd7 11.a4 Bg4 12.a5 Nf6 13.Qa4+ Nd7 14.Nd2 O-O 15.Qc2 Bh5
16.Nb3 Rc8 17.Be3 f5 18.exf5 gxf5 19.f4 Nc5 20.Nd4 Qd7 21.Ra3 Rf6 22.Qb1 Kh8
23.Rc1 e5 24.dxe6 Nxe6 25.Nd5 Rxc1+ 26.Qxc1 Rg6 27.Qd2 Nc5 28.g3 Qf7 29.Nb6 Ne4
30.Qc2 h6 31.Qc8+ Kh7 32.Qd7 Qf6 33.Qxf5 Qxf5 34.Nxf5 Bxb2 35.Rb3 Rf6 36.Nd4 Bc3
37.Nd5 Bxd4 38.Bxd4 Rf7 39.Re3 Nd2 40.Nf6+ Kg6 41.f5+ Kg5 42.h4+ Kxf5 43.Nxh5 Kg4
44.Nf6+ Kh3 45.Rd3 Nc4 46.Ne4 Kg4 47.Nf2+ Kh5 48.Bc3 Rd7 49.Rd4 b5 50.axb6 Nxb6
51.Ba5 Nc8 52.Kg2 Kg6 53.Nd3 Kf6 54.Bd2 Kg7 55.h5 Rc7 56.Kf3 Rc6 57.Rg4+ Kf7
58.Bxh6 Rc3 59.Ke2 Ne7 60.Bd2 Ra3 61.h6 Ra1 62.Nc1 Nf5 63.h7  1-0

[Event "TCh-Europe Boys U18"]
[Site "Balatonlelle HUN"]
[Date "2001.06.29"]
[Round "7"]
[White "Pinol,F"]
[Black "Lupulescu,C"]
[Result "0-1"]
[WhiteElo "2133"]
[BlackElo "2371"]

1.e4 c5 2.Nf3 Nc6 3.Bb5 g6 4.Bxc6 bxc6 5.O-O Bg7 6.Re1 e5 7.c3 Qb6 8.Na3 Ba6
9.d3 Ne7 10.Nc4 Qc7 11.Qa4 Bb5 12.Qa3 Bxc4 13.dxc4 d6 14.b4 cxb4 15.cxb4 O-O
16.Bb2 Rfb8 17.Bc3 f6 18.Rad1 Bf8 19.Rd3 a5 20.bxa5 c5 21.Bd2 Nc6 22.Rb3 Nxa5
23.Rxb8 Qxb8 24.Bxa5 Qa7 25.Re2 Qxa5 26.Qxa5 Rxa5 27.Ne1 Bh6 28.f3 Ra4 29.Rc2 Be3+
30.Kf1 Kg7 31.Nd3 h5 32.Ke2 Bg1 33.h3 Bd4 34.Nc1 h4 35.Kd3 Ra3+ 36.Nb3 Kh6
37.Re2 Kg5 38.Rd2 Kf4 39.Ke2 f5 40.exf5 gxf5 41.Rc2 Ra8 42.Nc1 e4 43.fxe4 fxe4
44.Kf1 Ra3 45.Ke2 Kg3 46.Kf1 Ra8 47.Ne2+ Kh2 48.Nc1 Rf8+ 49.Ke1 Be5 50.Re2 Bg3+
51.Kd2 e3+ 52.Kd3 Bf2  0-1

[Event "12th Open"]
[Site "Ljubljana SLO"]
[Date "2001.06.29"]
[Round "7"]
[White "Barle,J"]
[Black "Podhraski,D"]
[Result "1-0"]
[WhiteElo "2380"]
[BlackElo "2123"]

1.e4 c5 2.Nf3 Nc6 3.Bb5 g6 4.O-O Bg7 5.c3 Nf6 6.d4 Nxe4 7.d5 Nd6 8.Na3 Nxb5
9.Nxb5 a6 10.Na3 Ne5 11.d6 Nxf3+ 12.Qxf3 e6 13.Be3 Qb6 14.b4 Qxd6 15.Nc4 Qd3
16.Nb6 Rb8 17.Qg3 e5 18.Rfd1 Qxc3 19.Rac1 Qxb4 20.Bxc5 Qb5 21.Nd5 Qa4 22.Bd6 Qxa2
23.Bxb8 O-O 24.Ne7+ Kh8 25.Nxc8 d5 26.Bxe5 f6 27.Ba1 Bh6 28.Qd6 Rf7 29.Bxf6+ Kg8
30.Ne7+  1-0

[Event "Open"]
[Site "Karvina CZE"]
[Date "2001.06.30"]
[Round "1"]
[White "Hasangatin,R"]
[Black "Moldawski,T"]
[Result "1/2-1/2"]
[WhiteElo "2463"]
[BlackElo "2067"]

1.e4 c5 2.Nf3 Nc6 3.Bb5 d6 4.d4 cxd4 5.Qxd4 Bd7 6.Bxc6 Bxc6 7.Nc3 Nf6 8.Bg5 e6
9.O-O-O Be7 10.Rhe1 h6 11.Bh4 Qa5 12.Qd2 O-O 13.Kb1 Qa6 14.Nd4 Rab8 15.f3 b5
16.Bxf6 Bxf6 17.Nxc6 Qxc6 18.Qxd6 Qc4 19.e5 Rfd8 20.Qa6 Rxd1+ 21.Nxd1 Rd8
22.Ne3 Qd4 23.exf6 Qxe3 24.Rc1 Qc5 25.Qa5 Rd4 26.fxg7 Kxg7 27.b3 Rd7 28.f4 Kg6
29.g3 Rd6 30.Rf1 a6 31.Qe1 Qd4 32.g4 Kg7 33.Qh4 Qf6 34.Qg3 e5 35.f5 Rd4 36.h4 Qd6
37.f6+ Kh7 38.Qg1 Rf4 39.g5 Rxf1+ 40.Qxf1 Kg6 41.gxh6 Kxh6 42.a3 Kh5 43.Qf5+  1/2-1/2

[Event "Open"]
[Site "Karvina CZE"]
[Date "2001.06.30"]
[Round "1"]
[White "Shtyrenkov,V"]
[Black "Slezak,R"]
[Result "1-0"]
[WhiteElo "2500"]
[BlackElo "2077"]

1.e4 c5 2.Nf3 Nc6 3.Bb5 g6 4.O-O Bg7 5.Re1 e5 6.Bxc6 dxc6 7.d3 Qc7 8.Be3 b6
9.a4 Nf6 10.a5 Rb8 11.axb6 axb6 12.Qc1 O-O 13.Nxe5 Re8 14.Nf3 Nh5 15.h3 f5
16.Bh6 f4 17.Bxg7 Qxg7 18.Nbd2 g5 19.Nh2 g4 20.Nxg4 Bxg4 21.hxg4 Qxg4 22.Qd1 Qg6
23.Qf3 Re5 24.Kf1 Rg5 25.Qh3 Ng7 26.Nf3 Rh5 27.Qd7 Ne6 28.Ke2 Qg4 29.Kd2 Rd8
30.Qe7 c4 31.Ra7 cxd3 32.Ne5 dxc2+ 33.Kxc2 Nd4+ 34.Kb1 Qg5 35.Qf7+ Kh8 36.Qc7 Nb5
37.Ng6+  1-0

[Event "Sub-zt 2.3.2"]
[Site "Managua NCA"]
[Date "2001.06.30"]
[Round "1"]
[White "Urbina,R"]
[Black "Guevara,C"]
[Result "1/2-1/2"]
[WhiteElo "2279"]
[BlackElo "2126"]

1.e4 c5 2.Nf3 Nc6 3.Bb5 g6 4.O-O Bg7 5.c3 Nf6 6.Re1 O-O 7.d4 cxd4 8.cxd4 a6
9.Ba4 b5 10.Bc2 d6 11.h3 Bb7 12.Nc3 Rc8 13.Bg5 Nd7 14.Rc1 Na5 15.Bd3 Nc4
16.Qe2 Ncb6 17.b4 Nb8 18.Qd1 Re8 19.Be3  1/2-1/2

[Event "Open"]
[Site "Andorra AND"]
[Date "2001.07.01"]
[Round "2"]
[White "Pedersen,Jan"]
[Black "Comas Fabrego,L"]
[Result "1/2-1/2"]
[WhiteElo "2339"]
[BlackElo "2510"]

1.e4 c5 2.Nf3 Nc6 3.Bb5 d6 4.O-O Bd7 5.Re1 Nf6 6.c3 a6 7.Bxc6 Bxc6 8.d4 Bxe4
9.Bg5 Bd5 10.Nbd2 e6 11.c4 Bxf3 12.Qxf3 cxd4 13.Bxf6 gxf6 14.Qxb7 Qc8 15.Qe4 Be7
16.Qxd4 Qc6 17.Rad1 Rg8 18.Qe4 Rc8 19.Qxc6+ Rxc6 20.b3 f5  1/2-1/2

[Event "Open"]
[Site "Andorra AND"]
[Date "2001.07.01"]
[Round "2"]
[White "Sofronie,I"]
[Black "Baklan,V"]
[Result "1/2-1/2"]
[WhiteElo "2405"]
[BlackElo "2613"]

1.e4 c5 2.Nf3 Nc6 3.Bb5 g6 4.O-O Bg7 5.Re1 e5 6.Bxc6 dxc6 7.d3 Qe7 8.a3 a5
9.a4 Nf6 10.Bg5 h6 11.Bxf6 Bxf6 12.Na3 O-O 13.Nc4 Qc7 14.Qd2 Kg7 15.h3 b6
16.b3 Bd7 17.Nh2 Rae8 18.Ng4 Bg5 19.Qc3 f6 20.Re2 h5 21.Nh2 Kg8 22.Nf3 Bh6
23.Nh4 Kh7 24.Rae1 Be6 25.Kh2 Rb8 26.Nf3 Qd7 27.Ng1 Rfc8 28.Ra1 Rb7 29.Ree1 Ra8
30.Ne2 Qc7 31.Kh1 Bg7 32.Qd2 Rd8 33.Rf1 b5 34.axb5 cxb5 35.Nxa5 Ra7 36.b4 cxb4
37.Nb3 Ra4 38.f4 f5 39.exf5 Bxf5 40.fxe5 Rxa1 41.Rxa1 Qxe5 42.Ra7 Kg8 43.Ng1 Qd6
44.Qe2 Bd7 45.Nf3 Re8 46.Qf2 Rf8 47.Nbd2 Bc6 48.Qb6 Rb8 49.Qf2 Rf8 50.Qb6 Rb8  1/2-1/2

[Event "1st Asean Open"]
[Site "Bandar Seri Begawan BRU"]
[Date "2001.07.02"]
[Round "8"]
[White "Siregar,N"]
[Black "Nguyen Anh Dung"]
[Result "1/2-1/2"]
[WhiteElo "2293"]
[BlackElo "2533"]

1.e4 c5 2.Nf3 Nc6 3.Bb5 e6 4.O-O Nge7 5.b3 a6 6.Bxc6 Nxc6 7.Bb2 b5 8.d3 Bb7
9.c4 f6 10.Nc3 Qb6 11.Nh4 O-O-O 12.Nf3 Kb8 13.Re1 Nd4 14.Nd2 Bd6 15.cxb5 axb5
16.a4 Bf4 17.Nf1 b4 18.Ne2 Nxe2+ 19.Qxe2 Ba6 20.Qf3 Bc7 21.Rad1 Bb7 22.Rc1 d5
23.Qe3 Rc8 24.Rc2 Rhd8 25.Rec1 Bd6 26.Nd2 Rc7 27.Kh1 Rdc8 28.Rd1 Qa6 29.Kg1 h6
30.Bc1  1/2-1/2

[Event "Open"]
[Site "Andorra AND"]
[Date "2001.07.03"]
[Round "4"]
[White "Jaracz,P"]
[Black "Gonzalez de la Torre,S"]
[Result "1/2-1/2"]
[WhiteElo "2484"]
[BlackElo "2277"]

1.e4 c5 2.Nf3 Nc6 3.Bb5 g6 4.Bxc6 bxc6 5.O-O Bg7 6.c3 Nh6 7.d4 cxd4 8.cxd4 O-O
9.Nc3 d6 10.h3 f6 11.Qc2 Bd7 12.Bd2 Nf7 13.Rfe1 e5 14.Rad1 Qe7 15.Bc1 Rad8
16.b3 f5 17.exf5 Bxf5 18.Qe2 Qc7 19.d5 c5 20.Ne4 Bh6 21.Bb2 Bxe4 22.Qxe4 Ng5
23.Nxg5 Bxg5 24.g3 Qf7 25.Re2 Rb8 26.Bc3 Qf5 27.Kg2 Rb7 28.Qxf5 gxf5 29.f4 exf4
30.gxf4 Re7 31.Rxe7 Bxe7 32.Kf3 Kf7 33.Rg1 Rg8 34.Rxg8 Kxg8 35.b4 cxb4 36.Bxb4 Kf7
37.a4 Ke8 38.Ke3 Kd7 39.Be1 Bf6 40.Kd3 a6 41.Kc4 Kc7 42.Ba5+ Kd7 43.Bb6 Kc8
44.Kb4 Kb7  1/2-1/2

[Event "Open"]
[Site "Andorra AND"]
[Date "2001.07.03"]
[Round "4"]
[White "De la Riva Aguado,J"]
[Black "Hernandez,Gi"]
[Result "0-1"]
[WhiteElo "2282"]
[BlackElo "2567"]

1.e4 c5 2.Nf3 Nc6 3.Bb5 e6 4.O-O Nge7 5.c3 a6 6.Be2 d5 7.exd5 exd5 8.d4 c4
9.b3 cxb3 10.axb3 g6 11.Bf4 Bg7 12.Na3 O-O 13.Nc2 h6 14.h4 Nf5 15.g3 Be6
16.Ne3 Re8 17.Qd2 Nd6 18.Bxd6 Qxd6 19.Rfd1 Ne7 20.Ne1 Rac8 21.N1g2 Qb6 22.Qb2 g5
23.hxg5 hxg5 24.Bd3 Rc7 25.Rdc1 Rec8 26.Rab1 Qd6 27.Qd2 Bf6 28.Ne1 Kg7 29.Nf3 Rh8
30.Kg2 Bh3+ 31.Kg1 Qd7 32.Nh2 Be6 33.Re1 Rcc8 34.f3 Qc7 35.Rbc1 Qxg3+ 36.Qg2 Qf4
37.Nhg4 Bxd4 38.cxd4 Rxc1 39.Rxc1 Bxg4 40.Re1 Bxf3  0-1

[Event "Geller Mem"]
[Site "Odessa UKR"]
[Date "2001.07.03"]
[Round "1"]
[White "Kasparov,S"]
[Black "Zakharchenko,A"]
[Result "0-1"]
[WhiteElo "2494"]
[BlackElo "2399"]

1.e4 c5 2.Nf3 Nc6 3.Bb5 g6 4.Bxc6 bxc6 5.O-O Bg7 6.Re1 e5 7.c3 d6 8.Na3 Bg4
9.h3 Bxf3 10.Qxf3 Ne7 11.Nc2 O-O 12.Qd1 f5 13.d4 fxe4 14.Rxe4 cxd4 15.cxd4 d5
16.Re2 e4 17.Be3 Nf5 18.Qd2 Rb8 19.b4 Rb7 20.Rc1 Nxe3 21.fxe3 Rbf7 22.a4 Rf6
23.Ree1 R8f7 24.Rf1 Bf8 25.Qe2 Bd6 26.b5 Bc7 27.Rxf6 Qxf6 28.Rf1 Qxf1+ 29.Qxf1 Bh2+
30.Kxh2 Rxf1 31.Nb4 cxb5 32.axb5 Rb1 33.Nxd5 Rxb5 34.Nf6+ Kf8 35.Kg3 a5 36.Nxe4 a4
37.Nc3 Rb4 38.Kf4 a3  0-1

[Event "Sub-zt 2.3.2"]
[Site "Managua NCA"]
[Date "2001.07.04"]
[Round "5"]
[White "Urbina,R"]
[Black "Burgos Figueroa,C"]
[Result "0-1"]
[WhiteElo "2279"]
[BlackElo "2159"]

1.e4 c5 2.Nf3 Nc6 3.Bb5 e6 4.O-O Nge7 5.Re1 a6 6.Bf1 Ng6 7.Nc3 d6 8.d3 Be7
9.g3 O-O 10.h4 b5 11.Bg2 Bb7 12.Ne2 d5 13.exd5 Qxd5 14.Nc3 Qh5 15.Be3 Rfd8
16.Ne4 Nd4 17.c3 Bxe4 18.cxd4 cxd4 19.Bxd4 Bd5 20.Bb6 Rdc8 21.a3 Bc5 22.Ba5 Bd6
23.Bc3 a5 24.Bd2 h6 25.Nd4 Qxd1 26.Rexd1 Bxg2 27.Kxg2 Be5 28.Nxb5 Bxb2 29.Rab1 Be5
30.Rdc1 Rd8 31.h5 Nf8 32.Re1 Rxd3 33.Rxe5 Rxd2 34.Rc5 Nd7 35.Rc7 Nf6 36.Nd6 Rxd6
37.Rbb7 Rf8 38.Ra7 Rd5  0-1

[Event "Open"]
[Site "Andorra AND"]
[Date "2001.07.05"]
[Round "6"]
[White "Sofronie,I"]
[Black "De la Riva Aguado,O"]
[Result "1-0"]
[WhiteElo "2405"]
[BlackElo "2496"]

1.e4 c5 2.Nf3 Nc6 3.Bb5 g6 4.O-O Bg7 5.Re1 Nf6 6.d4 cxd4 7.e5 Nd5 8.Bxc6 dxc6
9.Qxd4 Bf5 10.Na3 O-O 11.Qh4 f6 12.Bd2 Qb6 13.Nc4 Qc5 14.b4 Nxb4 15.Ne3 Nd5
16.Nxf5 gxf5 17.c4 Nb6 18.Rac1 fxe5 19.Be3 Qa5 20.Ng5 h6 21.Ne6 Rf6 22.Nxg7 Kxg7
23.Bxh6+ Rxh6 24.Qxe7+ Kh8 25.Qg5 Rh7 26.Qf6+ Rg7 27.Re3 Re8 28.Rg3 Re7 29.Qf8+ Kh7
30.Rh3+ Kg6 31.Rcc3 f4 32.g4 Ref7 33.Qd6+ Rf6 34.Rh6+ Kxh6 35.Qxf6+ Kh7 36.Rh3+ Kg8
37.Qe6+ Rf7 38.Qe8+  1-0

[Event "Open"]
[Site "Andorra AND"]
[Date "2001.07.06"]
[Round "7"]
[White "Pedersen,Jan"]
[Black "Degerman,L"]
[Result "1/2-1/2"]
[WhiteElo "2339"]
[BlackElo "2503"]

1.e4 c5 2.Nf3 Nc6 3.Bb5 g6 4.O-O Bg7 5.Re1 e5 6.Bxc6 dxc6 7.b3 Ne7 8.Bb2 Qc7
9.d3 h6 10.Nbd2 g5 11.Nc4 Ng6 12.Ne3 Be6 13.Nf5 Bf6 14.Nd2 O-O-O 15.Nc4 h5
16.a4 g4 17.a5 Bxc4 18.bxc4 Ne7 19.Qe2 Bg5 20.Ba3 Nxf5 21.exf5 Qd6 22.Rab1 f6
23.a6 b6 24.Rb3 Kc7 25.Bb2 Rhg8 26.Bc3 Bh6 27.Qe4 Qd7 28.Rbb1 Rg7 29.Rf1 Rdg8
30.Rbe1 h4 31.Re2 Rg5 32.f4 Rxf5 33.g3 exf4 34.gxf4 g3 35.h3 g2 36.Rf3 Rg3
37.Rxg3 hxg3 38.Qe8 Qxe8 39.Rxe8 Rxf4 40.Kxg2 Rf2+ 41.Kxg3 Rxc2 42.Bxf6 b5
43.Rh8 Be3 44.Bd8+ Kd7 45.Bb6 Ra2 46.Rh7+ Kd6 47.Bxa7 Rxa6 48.Kf3 Bc1 49.Bb8+ Ke6
50.Ra7 Rxa7 51.Bxa7 b4 52.Ke2 b3 53.Kd1 Be3 54.Bb8 Kf5 55.Bd6 Kg5 56.Bg3 Kf6
57.Bd6 Ke6 58.Bb8 Kf5  1/2-1/2

[Event "IV Copa Mercosur"]
[Site "Vicente Lopez ARG"]
[Date "2001.07.06"]
[Round "11"]
[White "Dorin,M"]
[Black "Andres,M"]
[Result "1/2-1/2"]
[WhiteElo "2410"]
[BlackElo "2382"]

1.e4 c5 2.Nf3 Nc6 3.Bb5 g6 4.O-O Bg7 5.Bxc6 dxc6 6.d3 Nf6 7.h3 O-O 8.Re1 Nd7
9.e5 Nb6 10.Nbd2 Nd5 11.a4 b6 12.Nc4 Nc7 13.Be3 Ne6 14.Qd2 Nd4 15.Nxd4 cxd4  1/2-1/2

[Event "ch-SCO"]
[Site "Aberdeen SCO"]
[Date "2001.07.07"]
[Round "1"]
[White "Motwani,P"]
[Black "Norris,A"]
[Result "1-0"]
[WhiteElo "2511"]
[BlackElo "2304"]

1.e4 c5 2.Nf3 Nc6 3.Bb5 e5 4.O-O d6 5.c3 Bd7 6.d4 Nge7 7.Na3 Ng6 8.dxc5 dxc5
9.Nc4 Qc7 10.Ne3 a6 11.Nd5 Qd8 12.Be2 Be7 13.Qc2 O-O 14.Rd1 Re8 15.Be3 Bf8
16.Rd2 h6 17.Rad1 Be6 18.g3 Rc8 19.Qb1 Qa5 20.h4 Bg4 21.Nh2 Bxe2 22.Rxe2 c4
23.h5 Nge7 24.Nb6 Rcd8 25.Nxc4 Qb5 26.b3 Na5 27.Rxd8 Rxd8 28.Rd2 Nec6 29.Rxd8 Nxd8
30.Nd2 Ne6 31.Ndf3 Qc6 32.Qd3 Qc7 33.b4 Nc6 34.a4 Kh7 35.a5 f6 36.Nh4 Qf7
37.Ng6 Ne7 38.Qd7 Kg8 39.Nxf8 Nxf8 40.Qxb7  1-0

[Event "Open"]
[Site "Andorra AND"]
[Date "2001.07.07"]
[Round "8"]
[White "Colovic,A"]
[Black "Garcia,Rau"]
[Result "1-0"]
[WhiteElo "2413"]
[BlackElo "2260"]

1.e4 c5 2.Nf3 Nc6 3.Bb5 g6 4.Bxc6 dxc6 5.d3 Bg7 6.h3 e5 7.a3 f6 8.b4 cxb4
9.axb4 Be6 10.O-O Ne7 11.Be3 O-O 12.c3 a5 13.Na3 axb4 14.cxb4 Qd7 15.Qc2 Rfd8
16.Rfd1 Qe8 17.Nc4 Rxa1 18.Rxa1 Nc8 19.Ra8 Bf8 20.Rb8 Qd7 21.d4 exd4 22.Bxd4 Nd6
23.Rxd8 Qxd8 24.Nxd6 Bxd6 25.Qc3 Be7 26.Bc5 Qd1+ 27.Kh2 Bd8 28.Bd4 Kf7 29.Qe3 Bc7+
30.e5 g5 31.Ne1 Qh5 32.Kg1 f5 33.Nf3 h6 34.Bb6 Bb8 35.Qd3 g4 36.Qd8 gxf3
37.Qf6+ Kg8 38.Qxe6+ Qf7 39.Qc8+ Qf8 40.Qxb7 fxg2 41.Qxc6  1-0

[Event "6th Leg Russian Cup"]
[Site "Tomsk RUS"]
[Date "2001.07.07"]
[Round "8"]
[White "Kazakov,P"]
[Black "Shariyazdanov,A"]
[Result "1-0"]
[WhiteElo "2300"]
[BlackElo "2594"]

1.e4 c5 2.Nf3 Nc6 3.Bb5 e6 4.Bxc6 bxc6 5.O-O Ne7 6.d3 Ng6 7.Ng5 f6 8.Nh3 Be7
9.f4 O-O 10.Nc3 d5 11.Kh1 Ba6 12.f5 exf5 13.exf5 Ne5 14.Nf4 Bc8 15.Qh5 Bd6
16.Bd2 Bd7 17.Rae1 Qe8 18.Qh3 g5 19.Ne6 Bxe6 20.fxe6 Rb8 21.Nd1 Kh8 22.Ne3 g4
23.Qh6 Qxe6 24.Nf5 Rf7 25.Bf4 Re8 26.Bg3 Bf8 27.Qh5 Qd7 28.Re3 Bg7 29.Nd6 Qxd6
30.Qxf7 Re7 31.Qh5 Qd7 32.Bf4 Kg8 33.Bh6 Re6 34.Bxg7 Qxg7 35.Qf5 Qf7 36.c3 d4
37.Re4  1-0

[Event "2nd IM"]
[Site "Saint Lo FRA"]
[Date "2001.07.08"]
[Round "2"]
[White "Todorov,T"]
[Black "Maze,S"]
[Result "1/2-1/2"]
[WhiteElo "2432"]
[BlackElo "2269"]

1.e4 c5 2.Nf3 Nc6 3.Bb5 g6 4.Bxc6 dxc6 5.h3 Bg7 6.d3 e5 7.Be3 b6 8.Qd2 Qd6
9.a4 a5 10.Na3 Ba6 11.O-O Ne7 12.Nc4 Bxc4 13.dxc4 Qxd2 14.Bxd2 Nc8 15.Bc3 f6
16.b3 Nd6 17.Rfe1 O-O-O 18.Re2 Rhe8 19.Ne1 Nf7 20.h4 Rd7 21.g3 Nd8 22.h5 Ne6
23.Kg2 g5 24.Kh3 Kd8 25.Rd2 Rxd2 26.Bxd2 Ke7 27.Be3 Rd8 28.c3 Bf8 29.Kg4 Kf7
30.Kf3 Rd7 31.Ke2  1/2-1/2

[Event "ch-SCO"]
[Site "Aberdeen SCO"]
[Date "2001.07.09"]
[Round "3"]
[White "Motwani,P"]
[Black "Shaw,J"]
[Result "1/2-1/2"]
[WhiteElo "2511"]
[BlackElo "2478"]

1.e4 c5 2.Nf3 Nc6 3.Bb5 g6 4.c3 Nf6 5.Qe2 Bg7 6.O-O O-O 7.Rd1 Qb6 8.d4 cxd4
9.cxd4 d5 10.e5 Ne4 11.Nc3 Rd8 12.h3 Be6 13.Bd3 Bf5 14.g4 Nxc3 15.bxc3 Bxd3
16.Rxd3 Na5 17.Ba3 Rd7 18.Re1 Nc4 19.Bc1 f6 20.exf6 exf6 21.Nd2 Nxd2 22.Qxd2  1/2-1/2

[Event "7th Tan Chin Nam Cup"]
[Site "Shanghai CHN"]
[Date "2001.07.09"]
[Round "1"]
[White "Peng Xiaomin"]
[Black "Krasenkow,M"]
[Result "1/2-1/2"]
[WhiteElo "2648"]
[BlackElo "2573"]

1.e4 c5 2.Nf3 Nc6 3.Bb5 e6 4.Bxc6 bxc6 5.d3 Ne7 6.O-O Ng6 7.Ng5 e5 8.Qh5 Qe7
9.Nc3 d6 10.a3 h6 11.Nh3 Nh4 12.f4 g6 13.Qe2 Bxh3 14.gxh3 Bg7 15.Kh1 f5 16.exf5 Nxf5
17.fxe5 Bxe5 18.Qg2 O-O 19.Qxg6+ Qg7 20.Qxg7+ Bxg7 21.Bf4 Rab8 22.Na4 Bxb2
23.Bxd6 Nxd6 24.Rxf8+ Kxf8 25.Rb1 Rb5 26.Nxb2 Ke7 27.Re1+ Kd7 28.Nc4 Nxc4
29.dxc4 Rb2 30.Re5 Rxc2 31.Rxc5 Kc7 32.Rh5 Rxc4 33.Rxh6 c5 34.Kg2 Ra4 35.Kf3 Rxa3+  1/2-1/2

[Event "Open"]
[Site "Hyeres FRA"]
[Date "2001.07.10"]
[Round "6"]
[White "Abello,S"]
[Black "Rey,F"]
[Result "1/2-1/2"]
[WhiteElo "2229"]
[BlackElo "2152"]

1.e4 c5 2.Nf3 Nc6 3.Bb5 d6 4.d4 cxd4 5.Qxd4 Bd7 6.Bxc6 bxc6 7.c4 Qb6 8.Qxb6 axb6
9.Be3 Rb8 10.Nc3 e5 11.O-O f5 12.exf5 Bxf5 13.Rad1 Nf6 14.h3 Be7 15.b4 Be6
16.c5 bxc5 17.bxc5 Nd5 18.Ne4 Nxe3 19.fxe3 d5 20.Nd6+ Bxd6 21.cxd6 Kd7 22.Nxe5+ Kxd6
23.Nf7+ Bxf7 24.Rxf7 Rbe8 25.Rd3 Re7 26.Rxe7 Kxe7 27.e4 Kd6 28.exd5 cxd5
29.Kf2 Rb8 30.Rb3 Ra8 31.a3  1/2-1/2

[Event "Aegean Open"]
[Site "Ikaros GRE"]
[Date "2001.07.10"]
[Round "4"]
[White "Zagrebelny,S"]
[Black "Agopov,M"]
[Result "1-0"]
[WhiteElo "2466"]
[BlackElo "2381"]

1.e4 c5 2.Nf3 Nc6 3.Bb5 g6 4.Bxc6 dxc6 5.d3 Bg7 6.h3 Nf6 7.Nc3 Nd7 8.Be3 e5
9.Qd2 Qe7 10.O-O O-O 11.Bh6 Re8 12.Bxg7 Kxg7 13.Nh2 Nf8 14.Ne2 Ne6 15.f4 exf4
16.Nxf4 Qd6 17.Kh1 Re7 18.Rae1 f6 19.Nxe6+ Rxe6 20.Ng4 Qe7 21.e5 f5 22.Qh6+ Kh8
23.Nf6 Bd7 24.g4 Rxf6 25.exf6 Qxf6 26.Qf4 Rf8 27.Qe5 Qxe5 28.Rxe5 Kg7 29.g5 b6
30.Re7+ Rf7 31.Rfe1 Kf8 32.Rxf7+ Kxf7 33.Kg2 Be6 34.c4 Ke7 35.Kf3 Kd6 36.Kf4 b5
37.b3 Bf7 38.h4 a6 39.Re5 Be6 40.a3 Bf7 41.b4 cxb4 42.c5+ Kd7 43.axb4 Bd5
44.Re1 Bb3 45.Ke5 Bc2 46.Ra1 Ba4 47.Kf6 a5 48.bxa5 Kc7 49.a6 Kb8 50.Kg7 Bc2
51.Kxh7 Bxd3 52.Kxg6 b4 53.Ra4  1-0

[Event "2nd IM"]
[Site "Saint Lo FRA"]
[Date "2001.07.10"]
[Round "4"]
[White "Todorov,T"]
[Black "Aarthie,R"]
[Result "1-0"]
[WhiteElo "2432"]
[BlackElo "2249"]

1.e4 c5 2.Nf3 Nc6 3.Bb5 e6 4.O-O Nge7 5.c3 a6 6.Bxc6 Nxc6 7.d4 d5 8.e5 Be7
9.dxc5 Bxc5 10.Nbd2 O-O 11.Nb3 Be7 12.Re1 f6 13.Bf4 Bd7 14.Qd2 Qe8 15.Nbd4 Qf7
16.Bg3 f5 17.Bh4 h6 18.Bxe7 Qxe7 19.Nb3 g5 20.Qe3 g4 21.Nfd4 f4 22.Nxc6 bxc6
23.Qc5 Qh4 24.Nd4 g3 25.fxg3 fxg3 26.h3 Rf2 27.Re3 Raf8 28.Ne2 R8f7 29.Rxg3+ Kh7
30.Qxf2 Rxf2 31.Kxf2 c5 32.Ng1 Be8 33.Nf3 Qf4 34.Rg4 Qf5 35.Kg3 Bh5 36.Rf4 Qc2
37.Rf1 Qxb2 38.Rh4 Bg6 39.Ng5+ Kg8 40.Nxe6 Qxc3+ 41.Kh2 Qxe5+ 42.Nf4 h5 43.Rf3 d4
44.Rg3 d3 45.Nxg6 Qd6 46.Nf4+  1-0

[Event "PanAm Junior"]
[Site "Yucay PER"]
[Date "2001.07.10"]
[Round "3"]
[White "Felgaer,R"]
[Black "Zambrana,O"]
[Result "1/2-1/2"]
[WhiteElo "2471"]
[BlackElo "2301"]

1.e4 c5 2.Nf3 Nc6 3.Bb5 Nf6 4.d3 g6 5.O-O Bg7 6.Nc3 O-O 7.h3 d5 8.Re1 Nd4
9.Nxd4 cxd4 10.Nxd5 Nxd5 11.exd5 Qxd5 12.Bc4 Qd6 13.Qf3 Rb8 14.Bg5 e6 15.Qf4 e5
16.Qh4 Re8 17.f4 Be6 18.fxe5 Qc5 19.b4 Qxb4 20.Qxd4 Bxc4 21.dxc4 Rbc8 22.Rab1  1/2-1/2

[Event "Geller Mem"]
[Site "Odessa UKR"]
[Date "2001.07.11"]
[Round "9"]
[White "Shevchenko,S1"]
[Black "Kasparov,S"]
[Result "1/2-1/2"]
[WhiteElo "2425"]
[BlackElo "2494"]

1.e4 c5 2.Nf3 Nc6 3.Bb5 g6 4.O-O Bg7 5.Nc3 Nf6 6.Re1 O-O 7.e5 Ne8 8.Bxc6 dxc6
9.h3 Nc7 10.d3 f5 11.exf6 exf6 12.Ne4 Ne6 13.a4 h6 14.Ned2 Re8 15.Nb3 b6
16.a5 Bd7 17.Nbd2 Qc7 18.Nc4 b5 19.Ncd2 Rad8 20.Nb3 Bc8 21.Qe2 Kf7 22.Qf1 Qd6
23.Be3 f5 24.Rab1 Nd4 25.Nbxd4 cxd4 26.Bd2 c5 27.Rxe8 Rxe8 28.c3 Bb7 29.cxd4 cxd4
30.Rc1 Re7 31.Qd1 Bd5 32.Qc2 g5 33.Qc5 Qxc5 34.Rxc5 Ke6 35.Rxb5 Rb7 36.Rxb7 Bxb7
37.Kf1 Bf6 38.Ke2 a6 39.g4 Bc6 40.Bb4 Be8 41.Bf8 fxg4 42.hxg4 h5 43.Bh6 hxg4
44.Nxg5+ Bxg5 45.Bxg5 Bb5  1/2-1/2

[Event "PanAm Junior"]
[Site "Yucay PER"]
[Date "2001.07.11"]
[Round "5"]
[White "Schneider,D"]
[Black "Zambrana,O"]
[Result "0-1"]
[WhiteElo "2405"]
[BlackElo "2301"]

1.e4 c5 2.Nf3 Nc6 3.Bb5 g6 4.Nc3 Bg7 5.d3 Nf6 6.Bxc6 dxc6 7.h3 O-O 8.O-O Nd7
9.Bg5 f6 10.Bd2 e5 11.Nh2 Qe7 12.a4 b6 13.Qe1 Rf7 14.Kh1 Nf8 15.f4 exf4 16.Bxf4 Ne6
17.Bg3 Nd4 18.Qd2 Be6 19.Nf3 Rd8 20.Nxd4 cxd4 21.Ne2 f5 22.exf5 Rxf5 23.Rae1 Rxf1+
24.Rxf1 g5 25.Re1 h6 26.Ng1 Qf7 27.Kh2 Bd5 28.Qe2 h5 29.Qd2 Qf5 30.Qf2 Qg6
31.Be5 Rf8 32.Qxd4 g4 33.g3 Qf5 34.Qf4 Bxe5  0-1

[Event "Open"]
[Site "Hyeres FRA"]
[Date "2001.07.12"]
[Round "8"]
[White "Lukov,V"]
[Black "Tirard,H"]
[Result "0-1"]
[WhiteElo "2469"]
[BlackElo "2422"]

1.e4 c5 2.Nf3 Nc6 3.Bb5 g6 4.O-O Bg7 5.Re1 Nf6 6.e5 Nd5 7.Nc3 Nc7 8.Bxc6 dxc6
9.Ne4 Ne6 10.d3 O-O 11.Be3 b6 12.Qd2 f6 13.exf6 exf6 14.Bh6 Rb8 15.Bxg7 Kxg7
16.a3 Rb7 17.b4 cxb4 18.axb4 Nd4 19.Nxd4 Qxd4 20.c3 Qd8 21.c4 Bf5 22.d4 Bxe4
23.Rxe4 Rd7 24.h3 Rff7 25.Qe3 Rfe7 26.c5 bxc5 27.dxc5 Rb7 28.Qf3 Rxe4 29.Qxe4 Qd5
30.Qxd5 cxd5 31.c6 Rc7 32.b5 Kf7 33.Re1 Re7 34.Kf1 Rc7 35.Re2 Rc8 36.Ke1 Rb8
37.Ra2 Rxb5 38.Rxa7+ Ke6 39.Rxh7 Rc5 40.c7 g5 41.g3 Kd6 42.h4 g4 43.h5  0-1

[Event "ch-SCO"]
[Site "Aberdeen SCO"]
[Date "2001.07.14"]
[Round "8"]
[White "Rowson,J"]
[Black "Shaw,J"]
[Result "1-0"]
[WhiteElo "2514"]
[BlackElo "2478"]

1.e4 c5 2.Nf3 Nc6 3.Bb5 g6 4.Bxc6 dxc6 5.d3 Bg7 6.O-O e5 7.a3 a5 8.Be3 Qe7
9.Nbd2 Bg4 10.b4 cxb4 11.axb4 Qxb4 12.Nc4 Nf6 13.Rb1 Qe7 14.Rxb7 Nd7 15.h3 Bxf3
16.Qxf3 Qe6 17.Qg4 Qxg4 18.hxg4 Ke7 19.Nb6 Rad8 20.Ra1 Ke6 21.Rxa5 Nxb6 22.Rxb6 Rc8
23.Raa6 h5 24.gxh5 Rxh5 25.Rxc6+ Rxc6 26.Rxc6+ Kd7 27.Rc4 Bh6 28.Bxh6 Rxh6
29.c3 Rh8 30.d4 Kd6 31.d5 Ra8 32.Rc6+ Kd7 33.c4 Ra1+ 34.Kh2 Rc1 35.c5 Rc2
36.Kg3 Rc4 37.f3 Rc2 38.Kh3 Rc4 39.g3 Rc3 40.Kg4 Rc4 41.Kg5 Rc3 42.Rf6 Ke8
43.c6  1-0

[Event "Wilbert Paige Mem"]
[Site "New York USA"]
[Date "2001.07.14"]
[Round "1"]
[White "Nsubuga,G"]
[Black "Solomon,K"]
[Result "1/2-1/2"]
[WhiteElo "2264"]
[BlackElo "2290"]

1.e4 c5 2.Nf3 Nc6 3.Bb5 g6 4.O-O Bg7 5.Re1 Nf6 6.c3 O-O 7.d4 cxd4 8.cxd4 d5
9.e5 Ne4 10.Nc3 Nxc3 11.bxc3 Na5 12.Bd3 Bg4 13.h3 Bxf3 14.Qxf3 Rc8 15.Bf1 Nc4
16.Rb1 Qd7 17.h4 Nb6 18.Rb4 Qe6 19.Bd2 Rc7 20.h5 Rfc8 21.h6 Bf8 22.g4 f6
23.g5 f5 24.Qd1 Nc4 25.Bxc4 Rxc4 26.Rxc4 Rxc4 27.Qb3 f4 28.Bxf4 Qg4+ 29.Bg3 b6
30.Qb5 e6 31.Re3 Qxg5 32.Kg2 Qe7 33.Bf4 Rc7 34.Rg3 Qd7 35.Qd3 Qf7 36.Bg5 Qe8
37.Qa6 Rf7 38.f4 Qc6 39.Qd3 Rd7 40.Bf6 Kf7 41.Qe2 Qc4 42.Qxc4 dxc4 43.Kf3 b5
44.Ke4 Ke8 45.Bg5 Rd5 46.Rg2 Kd7 47.Rc2 Kc6 48.Rc1 Rd7 49.Rc2 Rb7 50.Rc1 Rd7
51.Rc2 Kb6 52.Rd2 Rd5 53.Rf2 Rd7 54.Rd2 b4 55.cxb4 Bxb4 56.Rb2 Ka5 57.Rc2 Kb5
58.a4+ Kxa4 59.Rxc4 Kb3 60.Rc6 a5 61.Rxe6 a4 62.Rc6 a3 63.e6 a2 64.exd7 a1=Q
65.Rc3+ Kxc3 66.d8=Q Qb1+ 67.Kd5 Qf5+ 68.Kc6 Qe6+ 69.Kb7 Kc4 70.Qc8+ Qxc8+
71.Kxc8 Kxd4 72.Kd7 Ke4 73.Ke6 Bd2 74.Kf7 Bxf4 75.Bxf4 Kxf4 76.Kg7 g5 77.Kxh7 g4
78.Kg8 g3 79.h7 g2 80.h8=Q g1=Q+ 81.Qg7  1/2-1/2

[Event "Open"]
[Site "Gent BEL"]
[Date "2001.07.15"]
[Round "3"]
[White "Degraeve,JM"]
[Black "Tiggelman,R"]
[Result "1-0"]
[WhiteElo "2602"]
[BlackElo "2155"]

1.e4 c5 2.Nf3 Nc6 3.Bb5 d6 4.d4 cxd4 5.Qxd4 Bd7 6.Bxc6 Bxc6 7.Nc3 Nf6 8.Bg5 h6
9.Bxf6 gxf6 10.O-O-O e6 11.Rhe1 Rg8 12.Nd5 Bg7 13.Qd2 Qd7 14.Qa5 b6 15.Qa3 O-O-O
16.Nb4 a5 17.Nxc6 Qxc6 18.Re3 Kb7 19.Nd4 Qc5 20.Qxc5 dxc5 21.Nb5 h5 22.Rxd8 Rxd8
23.Rd3 Rxd3 24.cxd3 Kc6 25.a4 Bh6+ 26.Kd1 Bf4 27.h3 Be5 28.b3 Kd7 29.Ke2 Ke7
30.Na3 Kf8 31.Nc4 Bc7 32.Ke3 Kg7 33.f4 Kg6 34.Nd2 f5 35.Nf3 fxe4 36.dxe4 f6
37.g3 f5 38.e5 Bd8 39.h4 Kf7 40.Kd3 Ke8 41.Kc4 Be7 42.Ng5 Kd7 43.Nh7 Ke8
44.Kb5 c4 45.bxc4 Bc5 46.Nf6+ Kf7 47.Nxh5 Bf2 48.Kc6 Kg6 49.Nf6 Bxg3 50.h5+ Kf7
51.h6 Bxf4 52.h7  1-0